<?xml version="1.0" encoding="UTF-8"?>
<record
    xmlns:xsi="http://www.w3.org/2001/XMLSchema-instance"
    xsi:schemaLocation="http://www.loc.gov/MARC21/slim http://www.loc.gov/standards/marcxml/schema/MARC21slim.xsd"
    xmlns="http://www.loc.gov/MARC21/slim">

  <leader>01661nam a22002297a 4500</leader>
  <controlfield tag="003">OSt</controlfield>
  <controlfield tag="005">20210220153747.0</controlfield>
  <controlfield tag="008">210220b           ||||| |||| 00| 0 eng d</controlfield>
  <datafield tag="020" ind1=" " ind2=" ">
    <subfield code="a">9789351520740</subfield>
  </datafield>
  <datafield tag="020" ind1=" " ind2=" ">
    <subfield code="a">9351520749</subfield>
  </datafield>
  <datafield tag="040" ind1=" " ind2=" ">
    <subfield code="a">PHNSL</subfield>
    <subfield code="c">PHNSL</subfield>
  </datafield>
  <datafield tag="100" ind1=" " ind2=" ">
    <subfield code="a">Basavanthappa, B. T</subfield>
  </datafield>
  <datafield tag="245" ind1=" " ind2=" ">
    <subfield code="a">Nursing research and statistics / </subfield>
    <subfield code="c">Basavanthappa ; foreword, C.P.B. Kurup. </subfield>
  </datafield>
  <datafield tag="246" ind1=" " ind2=" ">
    <subfield code="a">Nursing research &amp; statistics  </subfield>
  </datafield>
  <datafield tag="250" ind1=" " ind2=" ">
    <subfield code="a">3rd ed</subfield>
  </datafield>
  <datafield tag="260" ind1=" " ind2=" ">
    <subfield code="a">New Delhi, India : </subfield>
    <subfield code="b"> Jaypee Brothers Medical Publishers, </subfield>
    <subfield code="c"> 2014.  </subfield>
  </datafield>
  <datafield tag="300" ind1=" " ind2=" ">
    <subfield code="a">xx, 878 p. :</subfield>
    <subfield code="b">ill.</subfield>
  </datafield>
  <datafield tag="500" ind1=" " ind2=" ">
    <subfield code="a">Includes index.</subfield>
  </datafield>
  <datafield tag="505" ind1=" " ind2=" ">
    <subfield code="a">Section l -- Nursing Research -- $t Concepts of research -- $t Research in nursing -- $t Classification of research -- $t Overview of the research process -- $t Review of Literature -- $t Theory and theoretical framework -- $t Research problem -- $t Hypotheses -- $t Rsearch design -- $t Sampling -- $t Ethical issues in nursing research -- $t Research planning proposal/protocol -- $t Methods of data collection -- $t Techinques of data collection -- $t Pilot Study -- \tData analysis and interpretation -- $t Coomunication nursing research -- $t Critiquing research report -- $t Use of computer in nursing and research -- $t Section ll -- Statistics -- $t Concepts of statistics -- $t Organization and presentation of dat -- $t Measures of central tendency -- \tMeasures of variability/dispersion -- $t Measures of relationship -- $t Normal distribution -- $t Significance of statistics -- $t Application of statistics of health.  </subfield>
  </datafield>
  <datafield tag="650" ind1=" " ind2=" ">
    <subfield code="a">Nursing - Research.</subfield>
    <subfield code="v">Nursing - Research - Methodology.  </subfield>
    <subfield code="x">Research - Methodology.  </subfield>
  </datafield>
  <datafield tag="942" ind1=" " ind2=" ">
    <subfield code="2">lcc</subfield>
    <subfield code="c">BK</subfield>
  </datafield>
  <datafield tag="999" ind1=" " ind2=" ">
    <subfield code="c">511</subfield>
    <subfield code="d">511</subfield>
  </datafield>
  <datafield tag="952" ind1=" " ind2=" ">
    <subfield code="0">0</subfield>
    <subfield code="1">0</subfield>
    <subfield code="2">lcc</subfield>
    <subfield code="4">0</subfield>
    <subfield code="7">0</subfield>
    <subfield code="a">PHNS</subfield>
    <subfield code="b">PHNS</subfield>
    <subfield code="c">GEN</subfield>
    <subfield code="d">2021-02-20</subfield>
    <subfield code="l">0</subfield>
    <subfield code="o">RT81.5 B29</subfield>
    <subfield code="p">01026</subfield>
    <subfield code="r">2021-02-20 00:00:00</subfield>
    <subfield code="t">c.1</subfield>
    <subfield code="w">2021-02-20</subfield>
    <subfield code="y">BK</subfield>
    <subfield code="z">kd 20/02/21</subfield>
  </datafield>
  <datafield tag="952" ind1=" " ind2=" ">
    <subfield code="0">0</subfield>
    <subfield code="1">0</subfield>
    <subfield code="2">lcc</subfield>
    <subfield code="4">0</subfield>
    <subfield code="7">0</subfield>
    <subfield code="a">PHNS</subfield>
    <subfield code="b">PHNS</subfield>
    <subfield code="c">GEN</subfield>
    <subfield code="d">2021-02-20</subfield>
    <subfield code="l">0</subfield>
    <subfield code="o">RT81.5 B29</subfield>
    <subfield code="p">01027</subfield>
    <subfield code="r">2021-02-20 00:00:00</subfield>
    <subfield code="t">c.2</subfield>
    <subfield code="w">2021-02-20</subfield>
    <subfield code="y">BK</subfield>
    <subfield code="z">kd 20/02/21</subfield>
  </datafield>
  <datafield tag="952" ind1=" " ind2=" ">
    <subfield code="0">0</subfield>
    <subfield code="1">0</subfield>
    <subfield code="2">lcc</subfield>
    <subfield code="4">0</subfield>
    <subfield code="7">0</subfield>
    <subfield code="a">PHNS</subfield>
    <subfield code="b">PHNS</subfield>
    <subfield code="c">GEN</subfield>
    <subfield code="d">2021-02-20</subfield>
    <subfield code="l">0</subfield>
    <subfield code="o">RT81.5 B29</subfield>
    <subfield code="p">01028</subfield>
    <subfield code="r">2021-02-20 00:00:00</subfield>
    <subfield code="t">c.3</subfield>
    <subfield code="w">2021-02-20</subfield>
    <subfield code="y">BK</subfield>
    <subfield code="z">kd 20/02/21</subfield>
  </datafield>
  <datafield tag="952" ind1=" " ind2=" ">
    <subfield code="0">0</subfield>
    <subfield code="1">0</subfield>
    <subfield code="2">lcc</subfield>
    <subfield code="4">0</subfield>
    <subfield code="7">0</subfield>
    <subfield code="a">PHNS</subfield>
    <subfield code="b">PHNS</subfield>
    <subfield code="c">GEN</subfield>
    <subfield code="d">2021-02-20</subfield>
    <subfield code="l">0</subfield>
    <subfield code="o">RT81.5 B29</subfield>
    <subfield code="p">01029</subfield>
    <subfield code="r">2021-02-20 00:00:00</subfield>
    <subfield code="t">c.4</subfield>
    <subfield code="w">2021-02-20</subfield>
    <subfield code="y">BK</subfield>
    <subfield code="z">kd 20/02/21</subfield>
  </datafield>
  <datafield tag="952" ind1=" " ind2=" ">
    <subfield code="0">0</subfield>
    <subfield code="1">0</subfield>
    <subfield code="2">lcc</subfield>
    <subfield code="4">0</subfield>
    <subfield code="7">0</subfield>
    <subfield code="a">PHNS</subfield>
    <subfield code="b">PHNS</subfield>
    <subfield code="c">GEN</subfield>
    <subfield code="d">2021-02-20</subfield>
    <subfield code="l">0</subfield>
    <subfield code="o">RT81.5 B29</subfield>
    <subfield code="p">01030</subfield>
    <subfield code="r">2021-02-20 00:00:00</subfield>
    <subfield code="t">c.5</subfield>
    <subfield code="w">2021-02-20</subfield>
    <subfield code="y">BK</subfield>
    <subfield code="z">kd 20/02/21</subfield>
  </datafield>
  <datafield tag="952" ind1=" " ind2=" ">
    <subfield code="0">0</subfield>
    <subfield code="1">0</subfield>
    <subfield code="2">lcc</subfield>
    <subfield code="4">0</subfield>
    <subfield code="7">0</subfield>
    <subfield code="a">PHNS</subfield>
    <subfield code="b">PHNS</subfield>
    <subfield code="c">GEN</subfield>
    <subfield code="d">2021-02-20</subfield>
    <subfield code="l">0</subfield>
    <subfield code="o">RT81.5 B29</subfield>
    <subfield code="p">01031</subfield>
    <subfield code="r">2021-02-20 00:00:00</subfield>
    <subfield code="t">c.6</subfield>
    <subfield code="w">2021-02-20</subfield>
    <subfield code="y">BK</subfield>
    <subfield code="z">kd 20/02/21</subfield>
  </datafield>
  <datafield tag="952" ind1=" " ind2=" ">
    <subfield code="0">0</subfield>
    <subfield code="1">0</subfield>
    <subfield code="2">lcc</subfield>
    <subfield code="4">0</subfield>
    <subfield code="7">0</subfield>
    <subfield code="a">PHNS</subfield>
    <subfield code="b">PHNS</subfield>
    <subfield code="c">GEN</subfield>
    <subfield code="d">2021-02-20</subfield>
    <subfield code="l">0</subfield>
    <subfield code="o">RT81.5 B29</subfield>
    <subfield code="p">01032</subfield>
    <subfield code="r">2021-02-20 00:00:00</subfield>
    <subfield code="t">c.7</subfield>
    <subfield code="w">2021-02-20</subfield>
    <subfield code="y">BK</subfield>
    <subfield code="z">kd 20/02/21</subfield>
  </datafield>
</record>
